Shaikshik prajuktibidya (Major 6)/ (Record no. 12022)

MARC details
000 -LEADER
fixed length control field 00654nam a22002297a 4500
005 - DATE AND TIME OF LATEST TRANSACTION
control field 20260515115046.0
008 - FIXED-LENGTH DATA ELEMENTS--GENERAL INFORMATION
fixed length control field 250224b |||||||| |||| 00| 0 eng d
020 ## - INTERNATIONAL STANDARD BOOK NUMBER
International Standard Book Number 97893 58495768
040 ## - CATALOGING SOURCE
Original cataloging agency IN-DiNC
Transcribing agency IN-DiNC
041 ## - LANGUAGE CODE
Language code of sung or spoken text asm
082 ## - DEWEY DECIMAL CLASSIFICATION NUMBER
Classification number 371.33
Item number SHA
245 ## - TITLE STATEMENT
Title Shaikshik prajuktibidya (Major 6)/
Statement of responsibility, etc. by Nabanita Deka and others
250 ## - EDITION STATEMENT
Edition statement 1st ed.
260 ## - PUBLICATION, DISTRIBUTION, ETC.
Place of publication, distribution, etc. Dibrugarh:
Name of publisher, distributor, etc. Banalata,
Date of publication, distribution, etc. 2025.
300 ## - PHYSICAL DESCRIPTION
Extent 448p.
650 ## - SUBJECT ADDED ENTRY--TOPICAL TERM
Topical term or geographic name entry element Educational technology (Major 6)
700 ## - ADDED ENTRY--PERSONAL NAME
Personal name Deka, Nabanita
Relator term author
700 ## - ADDED ENTRY--PERSONAL NAME
Personal name Sonowal, Puranjay
Relator term author
700 ## - ADDED ENTRY--PERSONAL NAME
Personal name Rajkhowa, Porag
Relator term author
700 ## - ADDED ENTRY--PERSONAL NAME
Personal name Tamuly, Purnima
Relator term author
942 ## - ADDED ENTRY ELEMENTS (KOHA)
Source of classification or shelving scheme Dewey Decimal Classification
Koha item type Books
Holdings
Withdrawn status Lost status Source of classification or shelving scheme Damaged status Not for loan Collection Home library Current library Shelving location Date acquired Cost, normal purchase price Total checkouts Full call number Barcode Date last seen Date last checked out Copy number Price effective from Koha item type
    Dewey Decimal Classification       Naharkatiya College Library Naharkatiya College Library General stacks 02/24/2025 380.00 8 371.33 SHA 30503 04/06/2026 04/01/2026 1 02/24/2025 Books
    Dewey Decimal Classification       Naharkatiya College Library Naharkatiya College Library General stacks 02/24/2025 380.00 10 371.33 SHA 30504 05/04/2026 05/04/2026 2 02/24/2025 Books
    Dewey Decimal Classification       Naharkatiya College Library Naharkatiya College Library General stacks 02/24/2025 380.00 9 371.33 SHA 30505 04/30/2026 04/01/2026 3 02/24/2025 Books